[Event "GER-ch Net blitz qual2"]
[Site "Playchess.com INT"]
[Date "2021.05.04"]
[Round "6"]
[White "Albert, Gerhard"]
[Black "Klemens, Peter"]
[Result "1-0"]
[WhiteElo "1779"]
[BlackElo "1621"]
[PlyCount "43"]
[EventDate "2021.05.04"]
[EventType "swiss (blitz)"]
[EventRounds "11"]
[EventCountry "GER"]
[SourceTitle "CBM 202 Extra"]
[Source "ChessBase"]
[SourceDate "2021.07.31"]
[SourceVersion "1"]
[SourceVersionDate "2021.07.31"]
[SourceQuality "1"]

1. e4 c6 2. Nc3 d5 3. Nf3 Bg4 4. exd5 cxd5 5. d4 e6 6. h3 Bh5 7. g4 Bg6 8. Bb5+ Nd7 9. Ne5 Ngf6 10. g5 Ne4 11. Bxd7+ Qxd7 12. Nxd7 Kxd7 13. Nxe4 Bxe4 14. 0-0 Bd6 15. c3 Raf8 16. f3 Bg6 17. Qe2 a6 18. c4 dxc4 19. Qxc4 Rc8 20. Qa4+ Rc6 21. Be3 Rhc8 22. Rac1 1-0

[Event "GER-ch Net blitz qual2"]
[Site "Playchess.com INT"]
[Date "2021.05.04"]
[Round "2"]
[White "Schnur, Edmund"]
[Black "Klemens, Peter"]
[Result "1-0"]
[WhiteElo "1951"]
[BlackElo "1621"]
[PlyCount "121"]
[EventDate "2021.05.04"]
[EventType "swiss (blitz)"]
[EventRounds "11"]
[EventCountry "GER"]
[SourceTitle "CBM 202 Extra"]
[Source "ChessBase"]
[SourceDate "2021.07.31"]
[SourceVersion "1"]
[SourceVersionDate "2021.07.31"]
[SourceQuality "1"]

1. e4 c6 2. d4 d5 3. exd5 cxd5 4. c4 Nf6 5. Nc3 Nc6 6. Nf3 Bg4 7. c5 Bxf3 8. gxf3 e5 9. Bb5 a6 10. Bxc6+ bxc6 11. dxe5 Nd7 12. f4 Bxc5 13. 0-0 0-0 14. Be3 Bxe3 15. fxe3 Nc5 16. Kh1 Qe7 17. Rg1 f6 18. Qg4 fxe5 19. fxe5 Rf7 20. e4 Qxe5 21. exd5 cxd5 22. Rae1 Qd6 23. Qg2 Raf8 24. Nxd5 Nd3 25. Ne7+ Rxe7 26. Rxe7 Qxe7 27. Qd5+ Kh8 28. Qxd3 Qb7+ 29. Rg2 Qb6 30. h3 Qf6 31. Qg3 h6 32. a3 Qd4 33. b4 Rf1+ 34. Kh2 Rf8 35. Qg4 Qd6+ 36. Qg3 Qf6 37. a4 Qd4 38. b5 axb5 39. axb5 Qd7 40. b6 Rg8 41. Qc7 Qd5 42. b7 Qb5 43. Rxg7 Rxg7 44. b8Q+ Qxb8 45. Qxb8+ Kh7 46. Qe5 Rf7 47. Qe4+ Kg7 48. Kg3 Rf6 49. h4 Rg6+ 50. Kf3 Rf6+ 51. Ke3 Kf7 52. Qh7+ Ke6 53. h5 Ke5 54. Qg7 Kf5 55. Qh7+ Ke6 56. Qg7 Kf5 57. Qa7 Re6+ 58. Kf3 Kg5 59. Qd7 Rf6+ 60. Kg3 Kxh5 61. Qg4# 1-0

[Event "GER Cup Net Final-C U1600"]
[Site "Playchess.com INT"]
[Date "2020.06.06"]
[Round "2"]
[White "Radeke, Rico"]
[Black "Klemens, Peter"]
[Result "0-1"]
[WhiteElo "1492"]
[BlackElo "1746"]
[PlyCount "36"]
[EventDate "2020.06.06"]
[EventType "swiss (blitz)"]
[EventRounds "13"]
[EventCountry "GER"]
[SourceTitle "CBM 197 Extra"]
[Source "ChessBase"]
[SourceDate "2020.09.30"]
[SourceVersion "1"]
[SourceVersionDate "2020.09.30"]
[SourceQuality "1"]

1. d4 d5 2. c4 c6 3. e3 Nf6 4. Nc3 Bf5 5. Nf3 e6 6. Bd3 Bg6 7. 0-0 Bd6 8. c5 Bc7 9. b4 Qe7 10. a4 a6 11. Bb2 Nbd7 12. b5 axb5 13. axb5 Rxa1 14. Qxa1 0-0 15. Be2 e5 16. b6 Bb8 17. Qa8 exd4 18. exd4 Bxh2+ 0-1

[Event "GER Cup Net V2 U1600"]
[Site "Playchess.com INT"]
[Date "2020.05.22"]
[Round "3"]
[White "Klemens, Peter"]
[Black "Hausmann, Ulrich"]
[Result "0-1"]
[WhiteElo "1640"]
[BlackElo "1565"]
[PlyCount "60"]
[EventDate "2020.05.22"]
[EventType "swiss (blitz)"]
[EventRounds "9"]
[EventCountry "GER"]
[SourceTitle "EXT 2021"]
[Source "ChessBase"]
[SourceDate "2020.10.23"]
[SourceVersion "1"]
[SourceVersionDate "2020.10.23"]
[SourceQuality "1"]

1. d4 d6 2. Nf3 e6 3. c3 Bd7 4. Bf4 Nc6 5. e3 Nf6 6. Bd3 Nh5 7. Bg3 Nxg3 8. hxg3 h6 9. Nbd2 Be7 10. Qe2 d5 11. e4 dxe4 12. Nxe4 a6 13. 0-0 h5 14. Qe3 h4 15. g4 h3 16. g3 e5 17. dxe5 Bxg4 18. Kh2 Bxf3 19. Nf6+ gxf6 20. Qxf3 Nxe5 21. Qxb7 Rb8 22. Qxa6 Rb6 23. Qa4+ Kf8 24. Bf5 Qd5 25. Be4 Ng4+ 26. Kh1 Qd2 27. Bf3 Nxf2+ 28. Rxf2 Qxf2 29. Qa8+ Kg7 30. Rd1 Re6 0-1

[Event "GER-ch Net Amateur Gr-B Vor3"]
[Site "Playchess.com INT"]
[Date "2020.04.16"]
[Round "1"]
[White "Heyer, Thomas"]
[Black "Klemens, Peter"]
[Result "1-0"]
[WhiteElo "1203"]
[BlackElo "1592"]
[PlyCount "65"]
[EventDate "2020.04.16"]
[EventType "swiss (blitz)"]
[EventRounds "9"]
[EventCountry "GER"]
[SourceTitle "CBM 195 Extra"]
[Source "ChessBase"]
[SourceDate "2020.05.31"]
[SourceVersion "1"]
[SourceVersionDate "2020.05.31"]
[SourceQuality "1"]

1. b4 d5 2. Bb2 c6 3. a4 a6 4. e3 Nf6 5. c4 Bf5 6. b5 e6 7. Nf3 Bd6 8. Be2 0-0 9. 0-0 Qc7 10. h3 Nbd7 11. Nd4 Bg6 12. f4 Ne4 13. d3 Ng3 14. Rf3 Nxe2+ 15. Qxe2 Nf6 16. Nd2 axb5 17. cxb5 Rad8 18. Rc1 Qa5 19. bxc6 Bb4 20. N2b3 Qa7 21. c7 Rc8 22. Nb5 Qxa4 23. N3d4 Ba3 24. Bxa3 Bh5 25. g4 Bg6 26. Bxf8 Kxf8 27. Qc2 Qa5 28. Qc5+ Kg8 29. Nd6 Qd2 30. Rf2 Qxd3 31. Nxc8 Ne4 32. Ne7+ Kh8 33. c8Q# 1-0

[Event "GER-ch Net Amateur Gr-B Vor3"]
[Site "Playchess.com INT"]
[Date "2020.04.16"]
[Round "6"]
[White "Klemens, Peter"]
[Black "Hammer, Klaus"]
[Result "0-1"]
[WhiteElo "1592"]
[BlackElo "1812"]
[PlyCount "72"]
[EventDate "2020.04.16"]
[EventType "swiss (blitz)"]
[EventRounds "9"]
[EventCountry "GER"]
[SourceTitle "CBM 195 Extra"]
[Source "ChessBase"]
[SourceDate "2020.05.31"]
[SourceVersion "1"]
[SourceVersionDate "2020.05.31"]
[SourceQuality "1"]

1. d4 d5 2. Nf3 Nf6 3. c3 c5 4. Bf4 Nc6 5. e3 e6 6. Nbd2 Be7 7. Bd3 Nh5 8. Bg3 g6 9. Qe2 c4 10. Bc2 Bd7 11. 0-0 0-0 12. Be5 b5 13. a3 f6 14. Bg3 Nxg3 15. hxg3 f5 16. a4 b4 17. cxb4 Bxb4 18. Ne5 Nxe5 19. dxe5 Rb8 20. Nf3 Be7 21. a5 Rxb2 22. Qd1 Qc7 23. Ba4 Bxa4 24. Rxa4 c3 25. Qd4 Qc5 26. Qd1 Rfb8 27. Qd3 c2 28. Qa6 Rb1 29. Rxb1 cxb1Q+ 30. Kh2 Kg7 31. Qxe6 Rb2 32. Nd4 Rxf2 33. Qd7 Rf1 34. g4 Rh1+ 35. Kg3 Qe1+ 36. Kf3 Rf1# 0-1

[Event "GER-ch Net Amateur Gr-B Vor3"]
[Site "Playchess.com INT"]
[Date "2020.04.16"]
[Round "5"]
[White "Richter, Nicholas"]
[Black "Klemens, Peter"]
[Result "0-1"]
[WhiteElo "1416"]
[BlackElo "1592"]
[PlyCount "158"]
[EventDate "2020.04.16"]
[EventType "swiss (blitz)"]
[EventRounds "9"]
[EventCountry "GER"]
[SourceTitle "CBM 195 Extra"]
[Source "ChessBase"]
[SourceDate "2020.05.31"]
[SourceVersion "1"]
[SourceVersionDate "2020.05.31"]
[SourceQuality "1"]

1. d4 d5 2. c4 c6 3. Nc3 Nf6 4. e3 Bf5 5. cxd5 cxd5 6. Qb3 Qd7 7. Bb5 Nc6 8. Nf3 e6 9. Ne5 Qc8 10. Qa4 Bd6 11. Nxc6 bxc6 12. Bxc6+ Kf8 13. Bxa8 Qxa8 14. 0-0 g6 15. Bd2 Kg7 16. Nb5 Be7 17. Rac1 a6 18. Nc7 Qb7 19. Qxa6 Qxb2 20. Bc3 Qb8 21. Ba5 Ng4 22. h3 Nf6 23. g4 Be4 24. f3 Bxf3 25. Rxf3 Ne4 26. Rcf1 Bf6 27. g5 Bxg5 28. Rxf7+ Kh6 29. Qxe6 Bxe3+ 30. Kg2 Qb2+ 31. R7f2 Bxf2 32. Qf7 Bh4+ 33. Kg1 Qxd4+ 34. Kg2 Qd2+ 35. Kg1 Qg5+ 36. Kh2 Qg3+ 37. Kh1 Qxh3+ 38. Kg1 Qg3+ 39. Kh1 Qh3+ 40. Kg1 Ng5 41. Ne6 Qg3+ 42. Kh1 Nxe6 43. Bd2+ Ng5 44. Bxg5+ Bxg5 45. Qf3 Qxf3+ 46. Rxf3 Ra8 47. Rf2 d4 48. Rf3 Rd8 49. Rd3 Rd6 50. a3 Be3 51. Kg2 Rd5 52. Kf3 g5 53. Ke4 Rd8 54. Kf5 Kh5 55. Rd1 Rf8+ 56. Ke4 Rf4+ 57. Kd3 g4 58. a4 Kg5 59. Rh1 h5 60. a5 h4 61. a6 Rf8 62. a7 Ra8 63. Rb1 h3 64. Rb5+ Kh4 65. Rb8 Rxa7 66. Rh8+ Kg3 67. Rg8 h2 68. Rg6 h1Q 69. Rg5 Bxg5 70. Kc4 Rc7+ 71. Kd3 Qf3+ 72. Kxd4 Rd7+ 73. Ke5 Qf4+ 74. Ke6 Qd4 75. Kf5 Rd5+ 76. Ke6 Qe5+ 77. Kf7 Qf6+ 78. Kg8 Rd8+ 79. Kh7 Qh6# 0-1

[Event "GER-ch Net Amateur Gr-B Vor2"]
[Site "Playchess.com INT"]
[Date "2020.04.15"]
[Round "5"]
[White "Bieler, Janek"]
[Black "Klemens, Peter"]
[Result "0-1"]
[WhiteElo "1797"]
[BlackElo "1649"]
[PlyCount "64"]
[EventDate "2020.04.15"]
[EventType "swiss (blitz)"]
[EventRounds "9"]
[EventCountry "GER"]
[SourceTitle "CBM 196 Extra"]
[Source "ChessBase"]
[SourceDate "2020.07.31"]
[SourceVersion "1"]
[SourceVersionDate "2020.07.31"]
[SourceQuality "1"]

1. d4 d5 2. c4 c6 3. Nf3 Nf6 4. g3 Bf5 5. Bg2 e6 6. cxd5 exd5 7. Nc3 Be7 8. 0-0 Nbd7 9. Nh4 Bg4 10. h3 Bh5 11. Re1 0-0 12. Qc2 Bg6 13. Nxg6 hxg6 14. Bf4 Nb6 15. b3 Bd6 16. Bxd6 Qxd6 17. Rad1 Nbd7 18. e4 dxe4 19. Nxe4 Nxe4 20. Rxe4 Nf6 21. Re2 Rfe8 22. Qd2 Rxe2 23. Qxe2 Re8 24. Qd2 a6 25. Kh2 Nh5 26. Bf3 Nf6 27. a4 Rd8 28. b4 Nd5 29. Bxd5 Qxd5 30. Qc3 Re8 31. Rd2 Re1 32. Rd3 Qh1# 0-1

[Event "GER-ch Net blitz qual3"]
[Site "Playchess.com INT"]
[Date "2020.03.21"]
[Round "3"]
[White "Reich, Jason"]
[Black "Klemens, Peter"]
[Result "0-1"]
[WhiteElo "1529"]
[BlackElo "1626"]
[PlyCount "118"]
[EventDate "2020.03.21"]
[EventType "swiss (blitz)"]
[EventRounds "9"]
[EventCountry "GER"]
[SourceTitle "CBM 195 Extra"]
[Source "ChessBase"]
[SourceDate "2020.05.31"]
[SourceVersion "1"]
[SourceVersionDate "2020.05.31"]
[SourceQuality "1"]

1. d4 d5 2. c4 c6 3. Nf3 Nf6 4. e3 Bf5 5. Nbd2 e6 6. Be2 Nbd7 7. 0-0 Bd6 8. cxd5 exd5 9. Qb3 Rb8 10. Bd3 Bg6 11. Re1 Kf8 12. e4 dxe4 13. Nxe4 Nxe4 14. Bxe4 Nf6 15. Bd3 Kg8 16. Bg5 Bc7 17. Qc2 Qd6 18. Qc5 Qxc5 19. dxc5 Bxd3 20. Bxf6 gxf6 21. Rad1 Bg6 22. Rd7 Ba5 23. Ree7 Kg7 24. Rxb7 Rxb7 25. Rxb7 Rd8 26. h3 Rd1+ 27. Kh2 Ra1 28. b4 Bd8 29. Rxa7 f5 30. Nd4 Rb1 31. Nxc6 Bf6 32. a3 Rb2 33. f3 Bg5 34. Nd4 Bf4+ 35. Kg1 Be3+ 36. Kf1 Bxd4 37. c6 Bxa7 38. c7 Rc2 39. a4 Rxc7 40. a5 f4 41. b5 Bc5 42. b6 Rb7 43. Ke2 Bxb6 44. Kd2 Bxa5+ 45. Kc1 Bb6 46. Kd2 Be3+ 47. Ke2 Rb2+ 48. Kd1 Rxg2 49. h4 Rg3 50. h5 Bxh5 51. Kc2 Bxf3 52. Kd3 Bh5 53. Ke4 Bd2 54. Ke5 f3 55. Ke4 f2 56. Kd5 f1Q 57. Kd6 Qd3+ 58. Ke7 Bb4+ 59. Ke8 Re3# 0-1